DR. MRS. VANDERTRAMP - Statistics

General Stats
  • This quiz has been taken 94 times
    93 since last reset
  • The average score is 33 of 51
Answer Stats
Hint Answer % Correct
D Devenir
100%
R Revenir
88%
Devenu
85%
M Monter
85%
A Aller
82%
N Naître
82%
S Sortir
82%
Revenu
79%
V Venir
79%
D Descendre
76%
Monté
76%
P Partir
76%
Sorti
76%
Allé
73%
M Mourir
73%
R Rester
73%
T Tomber
73%
Descendu
70%
E Entrer
70%
Resté
70%
Venu
70%
67%
Parti
67%
A Arriver
64%
climb
64%
go
64%
Tombé
64%
Become
61%
Entré
61%
R Retourner
61%
Arrivé
58%
go down
58%
leave
58%
Passé
58%
P Passer
58%
R Rentrer
58%
stay
58%
come back
55%
Die
55%
enter
55%
Mort
55%
Rentré
55%
come
52%
fall
52%
go out
52%
Retourné
52%
Return
52%
arrive
45%
be born
45%
pass
42%
re-enter
30%
No matching quizzes found
Score Distribution
Percent of People with Each Score
Percentile by Number Answered
Your Score History
You have not taken this quiz since the last reset